00438cam a2200157ua 45000010005000000080039000050400009000440820008000531000031000612450069000922500009001612600036001703000017002066530013002236530044002363536111121n ii |||gr||||Z||||||eng cMAIN a920 aNeogy, Prithwish,eEditor.11aRabindranath tagore on art & aestheticsced. by Prithwish Neogy  a1st. aCalcutta:bOrient longmans,961. a113p:c23cm. aAssamese aRabindranath tagore on art & aesthetics